Những sự kiện lịch sử Đảng T.3 Về kháng chiến chống Mỹ, cứu nước (7/1954 - 5/1975)

Hoạt động của Đảng trong quá trình lãnh đạo cuộc cách mạng dân tộc dân chủ nhân dân miền Nam và cuộc kháng chiến chống Mỹ cứu nước của cả dân tộc qua 5 giai đoạn, đánh bại 4 chiến lược chiến tranh của 5 đời tổng thống Mỹ

Spremljeno u:
Bibliografski detalji
Autor kompanije: Ban Nghiên cứu lịch sử Đảng Trung ương
Format: Knjiga
Jezik:Vietnamese
Izdano: H. Thông tin lý luận 1985
Teme:
Oznake: Dodaj oznaku
Bez oznaka, Budi prvi tko označuje ovaj zapis!
Thư viện lưu trữ: Mạng thư viện Đại học Đà Nẵng
LEADER 01596nam a2200361 4500
001 000007609
003 3772
005 20120604080642.0
008 111007s1985 viesd
020 |c 12500đ 
041 0 |a vie 
082 |a 324.259707  |b VIE 
110 |a Ban Nghiên cứu lịch sử Đảng Trung ương 
245 1 0 |a Những sự kiện lịch sử Đảng  |n T.3  |p Về kháng chiến chống Mỹ, cứu nước (7/1954 - 5/1975) 
260 |a H.  |b Thông tin lý luận  |c 1985 
300 |a 807 tr.  |c 20 cm. 
500 |a ĐTTS ghi: Viên Mác-Lênin. Viện Lịch sử Đảng 
520 |a Hoạt động của Đảng trong quá trình lãnh đạo cuộc cách mạng dân tộc dân chủ nhân dân miền Nam và cuộc kháng chiến chống Mỹ cứu nước của cả dân tộc qua 5 giai đoạn, đánh bại 4 chiến lược chiến tranh của 5 đời tổng thống Mỹ 
653 |a Đảng cộng sản Việt Nam 
653 |a Quân sự 
653 |a Ngoại giao 
773 |t Những sự kiện lịch sử Đảng  |w 3758 
910 |a Huỳnh Thị Cẩm Lai  |d 07/10/2011 
OWN |a LSP 
AVA |a UDN50  |b LSP  |d 324.259707 VIE  |e available  |t Error 5001 Not defined in file expand_doc_bib_avail.  |f 4  |g 0  |h N  |i 0  |k 1 
999 |a From the UDN01 
AVA |a UDN50  |b LSP  |d 324.259707 VIE  |e available  |t Error 5001 Not defined in file expand_doc_bib_avail.  |f 4  |g 0  |h N  |i 0  |k 1 
TYP |a Monograph 
TYP |a Printed language 
980 |a Mạng thư viện Đại học Đà Nẵng